000 00753nam a2200289Ia 4500
005 20260324150238.0
008 008 260324s9999 xx 000 0 eng d
020 _a9780429243837
037 _aEBOOK
040 _aCRL
040 _beng
040 _cCRL
041 _2eng
041 _aeng
084 _qCRL
100 _aLewis Theobald
_91225765
245 0 _aShakespeare Restored
245 0 _bOr a Specimen of the many errors as well committed, as unamended by Mr Pope in his late edition of this poet, Etc
260 _bTaylor and Francis
260 _c1971
365 _a
365 _b170
856 _uhttp://www.taylorfrancis.com/books/9780429243837
942 _cEBOOK
999 _c1834881
_d1834881